|
|
|
|
| LEADER |
00000cam a2200000 a 4500 |
| 001 |
vtls001077315 |
| 003 |
SK-MaSNL |
| 005 |
20260301062204.0 |
| 008 |
240606s1994 xo a g 0000j slo |
| 015 |
|
|
|a SNBA1995/01
|
| 020 |
|
|
|a 808875514X
|
| 035 |
|
|
|a SNK000020149
|
| 040 |
|
|
|a SNK
|b slo
|c SNK
|e AACR2
|
| 041 |
0 |
|
|a slo
|
| 044 |
|
|
|a xo
|c SK
|
| 072 |
|
7 |
|a 821.162.4-3
|x Slovenská próza
|2 konspekt
|
| 080 |
|
|
|a 885.4-3
|2 1981
|
| 080 |
|
|
|a 821.162.4-32
|2 2011
|
| 100 |
1 |
|
|a Svetoň, Ľuboš,
|d 1962-
|4 aut
|9 103945
|
| 245 |
1 |
0 |
|a Utekáš - neunikneš
|c Ľuboš Svetoň ; obál. navrhol Peter Baltazárovič
|
| 250 |
|
|
|a 1. vyd.
|
| 260 |
|
|
|a Bratislava
|b Print-servis
|c 1994
|e Bratislava
|f OFPRINT HOLÍK
|
| 300 |
|
|
|a 109 s.
|b ilustr.
|c 21 cm
|
| 500 |
|
|
|a Fotogr. na tit. liste
|
| 655 |
|
7 |
|a slovenské poviedky
|2 SNKPH
|9 70226
|
| 655 |
|
7 |
|a spoločenské poviedky
|2 SNKPH
|9 279846
|
| 700 |
1 |
|
|a Baltazárovič, Peter
|4 bjk
|9 60952
|
| 852 |
|
|
|a Slovenská národná knižnica
|
| 919 |
|
|
|a 80-88755-14-X
|
| 954 |
|
|
|a beletria pôvodná (slovenská)
|2 lita
|
| 958 |
|
|
|a TL
|
| 958 |
|
|
|a LX
|
| 999 |
|
|
|c 619759
|d 621689
|
| 952 |
|
|
|a SNK
|b SNK
|y PREZ
|7 0
|p 17A1015589
|o snkSC 87310
|0 0
|1 0
|4 0
|d 2012-08-28
|l 0
|r 2026-02-23 16:51:50
|w 2026-02-23
|
| 952 |
|
|
|t P60, <04>, [BOOK], {604}
|a SNK
|b SNK
|y VYP
|7 0
|p 17A0078586
|o snkSC 87310 D1
|0 0
|1 0
|4 0
|d 1997-07-14
|l 0
|r 2004-12-31 00:00:00
|w 2026-02-23
|